00000000nam 2200000za 4500
0019.674448
003CaOODSP
00520250116101957
007cr |||||||||||
008150407|2006||||xxc|||||o    f|0| 0 ger d
020 |a0-662-02832-5
040 |aCaOODSP|bfre
043 |an-cn---
0861 |aA22-401/2005Ger-PDF|zA22-401/2005D-PDF
1101 |aCanada. |bAgriculture et agroalimentaire Canada. |bService d'exportation agroalimentaire.
24510|a[Canada - l'excellence à votre table]. |h[ressource électronique]
2461 |aKanada - bittet zu tisch
250 |aDeuxième édition
250 |a[Édition allemand].
260 |aOttawa - Ontario : |bAgriculture et Agroalimentaire Canada. |c©2005, révisé 2006.
300 |a137p.|bphotographies
500 |aAussi publié en français sous le titre : Canada - l'excellence à votre table.
546 |aTexte en allemand.
590 |a07-32|b2007-08-10
77508|tCanada - l'excellence à votre table |w(CaOODSP)9.632192
791 |tCanada excellence at your table |eeng|w(CaOODSP)9.674447
85640|ahttp://publications.gc.ca|qPDF|s22587 Ko|uhttps://publications.gc.ca/collections/collection_2007/agr/A22-401-2005D.pdf
986 |aAAFC Nr. 10056G